[Event "OGOLNOPOLSKA OLIMPIADA MLODZIEZY<br/>MISTRZOSTWA POLSKI JUNIOROW 2016 - C12"]
[Site "Olecko"]
[Date "2016-05-07"]
[Round "1.1"]
[White "Czechowski, Jakub"]
[Black "Oglaza, Oskar"]
[Result "0-1"]
[WhiteTitle "II"]
[BlackTitle "k"]
[WhiteElo "1652"]
[BlackElo "2132"]

1. e4 c5 2. Nf3 d6 3. d4 Nf6 4. Nc3 cxd4 5. Nxd4 a6 6. Be3 e6 7. g4 e5 8. Nf5 h5
9. Nd5 Nxd5 10. Qxd5 g6 11. Ng3 h4 12. Ne2 Nc6 13. h3 Be6 14. Qd2 d5 15. Bg5 Be7
16. Bxe7 Nxe7 17. O-O-O Qc7 18. Qc3 Qxc3 19. Nxc3 d4 20. Ne2 g5 21. Kb1 Nc6 22.
Nc1 Ke7 23. a3 Rhc8 24. Nd3 b6 25. b3 f6 26. Kb2 Rc7 27. Rd2 a5 28. a4 Na7 29.
f3 Bd7 30. Nc1 b5 31. axb5 Bxb5 32. Bxb5 Nxb5 33. Nd3 Nc3 34. Ra1 Kd6 35. Ra3
a4 36. b4 Nb5 37. Ra1 a3+ 38. Kc1 Rc4 39. Ra2 Nc3 40. Ra1 a2 41. Kb2 Kc6 42. Kb3
Kb5 43. Rh2 Ra4 44. Rhh1 Rcxb4+ 45. Nxb4 Rxb4+ 46. Ka3 Ka5 47. Rhe1 Nb5+ 48. Kxa2
Ka4 49. Rad1 Nc3+ 50. Ka1 Ka3 51. Rd3 Rb2 52. Rxc3+ dxc3 53. Re2 Kb4 54. Rh2 Kc4
55. Rg2 Rb8 0-1

[Event "OGOLNOPOLSKA OLIMPIADA MLODZIEZY<br/>MISTRZOSTWA POLSKI JUNIOROW 2016 - C12"]
[Site "Olecko"]
[Date "2016-05-07"]
[Round "1.2"]
[White "Czopor, Maciej"]
[Black "Lichorad, Mateusz"]
[Result "1-0"]
[WhiteTitle "I+"]
[BlackTitle "II"]
[WhiteElo "1980"]
[BlackElo "1644"]

1. e4 e6 2. d4 d5 3. Nd2 dxe4 4. Nxe4 Nd7 5. Nf3 Ngf6 6. Nxf6+ Nxf6 7. Bd3 Be7
8. O-O O-O 9. Bf4 c5 10. dxc5 Bxc5 11. c4 Bd7 12. Ne5 Bc6 13. Nxc6 bxc6 14. Qe2
Qb6 15. Rad1 Rad8 16. Be5 Bd4 17. Bxd4 Rxd4 18. Bc2 Rfd8 19. b3 c5 20. Rxd4 cxd4
21. Rb1 Qb4 22. Qe1 Qa3 23. Qd2 Kf8 24. Bd3 e5 25. f3 Re8 26. Be4 Qc5 27. Qd3
Nxe4 28. fxe4 a5 29. Rf1 h6 30. Rf5 Re7 31. g4 Qb4 32. Kf1 Qa3 33. Qc2 Rd7 34.
Rxe5 d3 35. Qd2 Qd6 36. Rd5 Qf6+ 37. Kg2 Rxd5 38. cxd5 Qd4 39. Kf3 Ke7 40. a3
g5 41. b4 Kf6 42. bxa5 Ke5 43. Qb4 Qxb4 44. axb4 Kd4 45. d6 Kc3 46. d7 1-0

[Event "OGOLNOPOLSKA OLIMPIADA MLODZIEZY<br/>MISTRZOSTWA POLSKI JUNIOROW 2016 - C12"]
[Site "Olecko"]
[Date "2016-05-07"]
[Round "1.3"]
[White "Kabacinski, Krzysztof"]
[Black "Czernek, Tymon"]
[Result "0-1"]
[WhiteTitle "II"]
[BlackTitle "I"]
[WhiteElo "1636"]
[BlackElo "1895"]

1. e4 c5 2. Nf3 d6 3. d4 cxd4 4. Nxd4 Nf6 5. Nc3 a6 6. f3 e5 7. Nb3 Be6 8. Be3
Nbd7 9. Be2 Be7 10. O-O h5 11. Kh1 h4 12. f4 exf4 13. Bxf4 Ne5 14. Nd4 Bd7 15.
Nf3 Nxf3 16. Bxf3 Qb6 17. Qd2 Rc8 18. Rab1 Be6 19. Rfd1 h3 20. g3 Bg4 21. Qe2
Bxf3+ 22. Qxf3 Qc6 23. Rd3 b5 24. e5 Ng4 25. exd6 Nf2+ 26. Kg1 Nxd3 27. Qxd3 Qg2#
0-1

[Event "OGOLNOPOLSKA OLIMPIADA MLODZIEZY<br/>MISTRZOSTWA POLSKI JUNIOROW 2016 - C12"]
[Site "Olecko"]
[Date "2016-05-07"]
[Round "1.4"]
[White "Baum, Jonasz"]
[Black "Poltorak, Sebastian"]
[Result "1/2-1/2"]
[WhiteTitle "I"]
[BlackTitle "II+"]
[WhiteElo "1857"]
[BlackElo "1623"]

1. e4 c6 2. d4 d5 3. Nc3 dxe4 4. Nxe4 Bf5 5. Ng3 Bg6 6. h4 h6 7. Nf3 Nd7 8. h5
Bh7 9. Bd3 Bxd3 10. Qxd3 e6 11. Bd2 Ngf6 12. O-O-O Qc7 13. Ne4 Nxe4 14. Qxe4 Nf6
15. Qe2 O-O-O 16. g3 Bd6 17. c4 Qe7 18. Ne5 Nd7 19. f4 Nxe5 20. fxe5 Bb4 21. Bf4
Ba5 22. Qc2 Kb8 23. a3 Bc7 24. Qe4 Rd7 25. Rd3 Rhd8 26. Be3 Bb6 27. Rhd1 Ka8 28.
Kb1 f6 29. g4 fxe5 30. Qxe5 Bc7 31. Qe4 Qf6 32. d5 exd5 33. cxd5 cxd5 34. Rxd5
Rxd5 35. Rxd5 Qf1+ 36. Bc1 Rxd5 37. Qxd5 Qf8 38. Be3 Bb6 39. Bxb6 axb6 40. Qd7
Qf6 41. Kc2 Kb8 42. b4 Qf2+ 43. Kb3 Qf6 44. Kc4 Qf1+ 45. Kc3 Qf3+ 46. Kd2 Qf2+
47. Kd3 Qf3+ 48. Kc4 Qf1+ 49. Kb3 Qf3+ 50. Ka4 Qc6+ 51. Qxc6 bxc6 52. Kb3 b5 53.
a4 bxa4+ 54. Kxa4 Kc7 55. Kb3 Kd6 56. Kc4 Kd7 57. Kd4 Kd6 58. Ke4 Ke6 59. Kf4
Kf6 60. g5+ Ke6 61. g6 Kf6 62. Ke4 Ke6 63. Kd4 Kd6 64. Kc4 Ke6 65. Kc5 Kd7 66.
b5 cxb5 67. Kxb5 Ke7 68. Kc5 Kf8 69. Kd6 Kg8 70. Ke7 Kh8 71. Kf8 1/2-1/2

[Event "OGOLNOPOLSKA OLIMPIADA MLODZIEZY<br/>MISTRZOSTWA POLSKI JUNIOROW 2016 - C12"]
[Site "Olecko"]
[Date "2016-05-07"]
[Round "1.5"]
[White "Paprocki, Stanislaw"]
[Black "Dzida, Kamil"]
[Result "0-1"]
[WhiteTitle "II"]
[BlackTitle "I"]
[WhiteElo "1612"]
[BlackElo "1838"]

1. Nf3 d5 2. g3 Nf6 3. Bg2 e6 4. d3 c5 5. Nbd2 Nc6 6. O-O Be7 7. c3 O-O 8. Qc2
Bd7 9. a4 Rc8 10. e4 Qc7 11. Re1 dxe4 12. dxe4 e5 13. Nc4 Be6 14. Ne3 h6 15. Bd2
Rfd8 16. Rab1 c4 17. Bc1 Na5 18. Nd5 Nxd5 19. exd5 Rxd5 20. Nh4 Rd7 21. Nf5 Bc5
22. Qe4 Nb3 23. Nxh6+ gxh6 24. Bxh6 Bf8 25. Bg5 Bg7 26. Qh4 Rf8 27. Bf6 Bxf6 28.
Qxf6 Qd8 29. Qxe5 Bd5 30. Bh3 Nd2 31. Qh5 Nf3+ 32. Kf1 Nxh2+ 33. Kg1 Nf3+ 34.
Kf1 Nd2+ 35. Kg1 Bf3 36. Bg4 Rd5 37. Re5 Rxe5 0-1

[Event "OGOLNOPOLSKA OLIMPIADA MLODZIEZY<br/>MISTRZOSTWA POLSKI JUNIOROW 2016 - C12"]
[Site "Olecko"]
[Date "2016-05-07"]
[Round "1.6"]
[White "Mechlinski, Jakub"]
[Black "Wolaniecki, Patryk"]
[Result "1-0"]
[WhiteTitle "II+"]
[BlackTitle "I"]
[WhiteElo "1805"]
[BlackElo "1585"]

1. e4 c5 2. Nf3 Nc6 3. Bb5 e6 4. O-O d6 5. c3 Nf6 6. Qe2 Bd7 7. d3 Be7 8. h3 O-O
9. Rd1 a6 10. Ba4 d5 11. Bc2 d4 12. c4 Ne8 13. Bf4 Bd6 14. e5 Bc7 15. Nbd2 f6
16. Re1 f5 17. Bg5 Qb8 18. Nb3 b6 19. h4 h6 20. Bf4 Bd8 21. a3 Ne7 22. h5 Nc8
23. Nh2 Qb7 24. Bd1 Bc6 25. g3 Ra7 26. Qf1 Qa8 27. Qh3 Raf7 28. Nd2 Kh8 29. b4
Be7 30. bxc5 bxc5 31. Nb3 Ba4 32. Rb1 Nc7 33. Bf3 Bc6 34. Be2 Qa7 35. Na5 Ba8
36. Nf3 Bd8 37. Nh4 Ne7 38. Ng6+ Nxg6 39. hxg6 Re7 40. f3 Nb5 41. Kg2 Ree8 42.
Rh1 Kg8 43. cxb5 Bxa5 44. b6 Qd7 45. Bd1 Qb7 46. Rb2 Bc3 47. Rf2 Qe7 48. Bb3 Bd5
49. Bc2 Rb8 50. Kg1 Rfc8 51. Qh5 Kf8 52. Rfh2 c4 53. Bxh6 gxh6 54. Qxh6+ Qg7 55.
Qg5 Ke8 56. Ba4+ Bc6 57. Bxc6+ Rxc6 58. Rh8+ Kd7 59. Rxb8 Qxe5 60. Qd8# 1-0

[Event "OGOLNOPOLSKA OLIMPIADA MLODZIEZY<br/>MISTRZOSTWA POLSKI JUNIOROW 2016 - C12"]
[Site "Olecko"]
[Date "2016-05-07"]
[Round "1.7"]
[White "Kacprzak, Karol"]
[Black "Fiedorek, Michal"]
[Result "0-1"]
[WhiteTitle "I"]
[BlackTitle "I"]
[WhiteElo "1556"]
[BlackElo "1783"]

1. e4 c5 2. Nf3 e6 3. d4 cxd4 4. Nxd4 Nc6 5. Nxc6 bxc6 6. Bd3 Nf6 7. O-O d5 8.
Nd2 Be7 9. b3 O-O 10. Bb2 Bb7 11. Qe2 Qc7 12. Rfe1 Rfd8 13. Rad1 Rac8 14. h3 Qb6
15. a4 a5 16. Rc1 Ra8 17. Red1 Ba6 18. Bxa6 Rxa6 19. exd5 cxd5 20. Bd4 Qb7 21.
Nb1 Ne4 22. Nc3 Nxc3 23. Bxc3 Rc8 24. Bd4 Rac6 25. Rd2 Bb4 26. Rd3 Ba3 27. Ra1
Rxc2 28. Qe5 Rc1+ 29. Kh2 Bf8 30. Rg3 Qc7 31. Qg5 f6 32. Qxf6 Qxg3+ 33. Qg5 Qc7+
0-1

[Event "OGOLNOPOLSKA OLIMPIADA MLODZIEZY<br/>MISTRZOSTWA POLSKI JUNIOROW 2016 - C12"]
[Site "Olecko"]
[Date "2016-05-07"]
[Round "1.8"]
[White "Suder, Jakub"]
[Black "Jaszczuk, Hubert"]
[Result "1-0"]
[WhiteTitle "I"]
[BlackTitle "II+"]
[WhiteElo "1763"]
[BlackElo "1545"]

1. d4 c5 2. d5 e5 3. c4 d6 4. Nc3 Be7 5. g3 Bg5 6. Bxg5 Qxg5 7. h4 Qe7 8. Bh3 Bd7
9. e4 a6 10. Qb3 Bxh3 11. Nxh3 Qc7 12. O-O-O Nd7 13. f4 Ngf6 14. Rhg1 h5 15. Ng5
O-O 16. Rdf1 Rfb8 17. Nd1 b5 18. Ne3 bxc4 19. Qc2 Qa5 20. a3 Rb5 21. Nxc4 Qc7
22. fxe5 Nxe5 23. Nxe5 dxe5 24. Rg2 Rab8 25. Rf3 Qa5 26. Qc3 Qc7 27. Rf5 Re8 28.
Rgf2 Qd6 29. Qf3 Ng4 30. Nxf7 Qg6 31. Rg5 Qh7 32. Nd6 Nxf2 33. Qf7+ 1-0

[Event "OGOLNOPOLSKA OLIMPIADA MLODZIEZY<br/>MISTRZOSTWA POLSKI JUNIOROW 2016 - C12"]
[Site "Olecko"]
[Date "2016-05-07"]
[Round "1.9"]
[White "Sieczkowski, Adam"]
[Black "Redzisz, Michal"]
[Result "1/2-1/2"]
[WhiteTitle "II"]
[BlackTitle "II"]
[WhiteElo "1494"]
[BlackElo "1750"]

1. Nf3 d5 2. g3 c5 3. Bg2 Nc6 4. d4 cxd4 5. Nxd4 Nf6 6. O-O e5 7. Nxc6 bxc6 8.
c4 Bb7 9. Bg5 d4 10. Bxf6 gxf6 11. f4 Bc5 12. Qd3 Qe7 13. Kh1 Bd6 14. fxe5 Bxe5
15. Nd2 c5 16. b3 h5 17. Bxb7 Qxb7+ 18. Qe4 O-O-O 19. Rad1 h4 20. g4 Rd6 21. Qxb7+
Kxb7 22. h3 Re6 23. Ne4 Kc6 24. Rf2 Rh6 25. Rdf1 Rg6 26. Kg2 Kb6 27. a3 Kc6 28.
Kh1 Kb6 29. Kg2 Kc6 30. Kh1 Kb6 31. Kg2 Kc6 32. Kh1 Kb6 33. Kg2 Kc6 34. Kh1 Kb6
35. Kg2 Kc6 36. Kh1 1/2-1/2

[Event "OGOLNOPOLSKA OLIMPIADA MLODZIEZY<br/>MISTRZOSTWA POLSKI JUNIOROW 2016 - C12"]
[Site "Olecko"]
[Date "2016-05-07"]
[Round "1.10"]
[White "Grzesik, Gracjan"]
[Black "Majewski, Krzysztof"]
[Result "1-0"]
[WhiteTitle "I"]
[BlackTitle "II"]
[WhiteElo "1748"]
[BlackElo "1492"]

1. e4 c5 2. Nf3 Nc6 3. d4 cxd4 4. Nxd4 Nf6 5. Nc3 a6 6. Be3 Qc7 7. Be2 e6 8. a3
Be7 9. Qd2 b5 10. O-O Bb7 11. f3 O-O 12. Rad1 Rfd8 13. Kh1 Rac8 14. Rc1 d5 15.
exd5 Nxd5 16. Nxd5 Rxd5 17. c4 bxc4 18. Bxc4 Rdd8 19. Qf2 Qe5 20. Rfd1 Bf6 21.
Nxc6 Rxd1+ 22. Rxd1 Rxc6 23. Bf1 Rc8 24. Bd4 Qf5 25. Bxf6 Qxf6 26. Qd2 g6 27.
b4 Qf5 28. Qd7 Rb8 29. Qc7 Bxf3 30. Qxb8+ Kg7 31. Re1 h5 32. Qe5+ 1-0

[Event "OGOLNOPOLSKA OLIMPIADA MLODZIEZY<br/>MISTRZOSTWA POLSKI JUNIOROW 2016 - C12"]
[Site "Olecko"]
[Date "2016-05-07"]
[Round "1.11"]
[White "Panek, Bartosz"]
[Black "Bachor, Tomasz"]
[Result "0-1"]
[WhiteTitle "II"]
[BlackTitle "II+"]
[WhiteElo "1473"]
[BlackElo "1742"]

1. e4 c6 2. d4 d5 3. Nc3 dxe4 4. Nxe4 Bf5 5. Ng3 Bg6 6. Nh3 h6 7. Nf4 Bh7 8. Bd3
Bxd3 9. Qxd3 e6 10. O-O Nf6 11. Re1 Be7 12. Rxe6 O-O 13. Re2 Bd6 14. Nf5 Qc7 15.
Nxd6 Qxd6 16. c3 Rd8 17. Bd2 Na6 18. Qf3 b5 19. Nd3 Nd5 20. Rae1 Rac8 21. Ne5
Nf6 22. Bf4 Qd5 23. Qxd5 Nxd5 24. Bg3 Nf6 25. Nd3 b4 26. h3 bxc3 27. bxc3 c5 28.
Nxc5 Nxc5 29. dxc5 Rxc5 30. Be5 Nd5 31. Bd4 Rcc8 32. Kf1 Nxc3 33. Bxc3 Rxc3 34.
Re8+ Rxe8 35. Rxe8+ Kh7 36. Re7 Ra3 37. Re2 g5 38. Ke1 Kg6 39. Kd1 h5 40. Kc1
Ra6 41. Kb2 f5 42. Re3 Rd6 43. Kc2 g4 44. h4 Ra6 45. Kb2 Kf6 46. Re8 Re6 47. Rxe6+
Kxe6 48. Kc3 Kd5 49. Kd3 f4 50. g3 f3 51. Kc3 Kc5 52. a3 a6 53. Kb3 Kd4 54. Kb4
Kd3 55. Ka5 Ke2 56. Kxa6 Kxf2 57. a4 Kxg3 0-1

[Event "OGOLNOPOLSKA OLIMPIADA MLODZIEZY<br/>MISTRZOSTWA POLSKI JUNIOROW 2016 - C12"]
[Site "Olecko"]
[Date "2016-05-07"]
[Round "1.12"]
[White "Stolarski, Adam"]
[Black "Wysocki, Mateusz"]
[Result "1-0"]
[WhiteTitle "I"]
[BlackTitle "II"]
[WhiteElo "1733"]
[BlackElo "1469"]

1. e4 c5 2. c3 d5 3. exd5 Qxd5 4. d4 Nf6 5. Nf3 e6 6. Be2 Be7 7. O-O O-O 8. Be3
cxd4 9. cxd4 Nc6 10. Nc3 Qd8 11. Ne5 Nb4 12. Bf3 Nbd5 13. Qb3 a6 14. Rfd1 Rb8
15. Nc6 bxc6 16. Qxb8 Bd6 17. Qb3 Qa5 18. Nxd5 cxd5 19. Rac1 Bd7 20. Bd2 Qb5 21.
Qxb5 Bxb5 22. Ba5 h6 23. Bc7 Ne8 24. Bb6 Nf6 25. Bc5 Ne8 26. Rc2 Kh7 27. Be2 Bxe2
28. Rxe2 Bxc5 29. dxc5 Nc7 30. f4 Rb8 31. Rdd2 Rb4 32. f5 g6 33. fxe6 fxe6 34.
a3 Rc4 35. Rc2 Rd4 36. Kf2 Kg7 37. Re3 Kf6 38. Rf3+ Ke7 39. Rh3 h5 40. Ke3 Re4+
41. Kd3 Rf4 42. Rf3 Rxf3+ 43. gxf3 e5 44. b4 Ke6 45. a4 d4 46. c6 Kd6 47. Rg2
Kxc6 48. Rxg6+ Kd5 49. Rg5 Ne6 50. Rf5 Nf4+ 51. Rxf4 exf4 52. b5 axb5 53. axb5
Kc5 54. h4 Kxb5 55. Kxd4 Kc6 56. Ke5 Kd7 57. Kxf4 Ke6 58. Kg5 Ke5 59. f4+ Ke6
60. Kg6 Kd5 1-0

[Event "OGOLNOPOLSKA OLIMPIADA MLODZIEZY<br/>MISTRZOSTWA POLSKI JUNIOROW 2016 - C12"]
[Site "Olecko"]
[Date "2016-05-07"]
[Round "1.13"]
[White "Szatkowski, Pawel"]
[Black "Gorkiewicz, Mateusz"]
[Result "1-0"]
[WhiteTitle "II"]
[BlackTitle "II"]
[WhiteElo "1422"]
[BlackElo "1721"]

1. e4 e5 2. Nf3 Nc6 3. d4 exd4 4. Bc4 Nf6 5. O-O Nxe4 6. Re1 d5 7. Bxd5 Qxd5 8.
Nc3 Qh5 9. Nxe4 Be6 10. Nxd4 Qxd1 11. Rxd1 O-O-O 12. Be3 Bd5 13. Nxc6 Bxc6 14.
Rxd8+ Kxd8 15. Rd1+ Kc8 16. Ng5 Be8 17. Nf3 Bd6 18. Bxa7 Bc6 19. Nd4 Bd7 20. Nb3
Re8 21. Be3 Bg4 22. Rd4 f5 23. h3 Bh5 24. Bf4 Be7 25. Rc4 c6 26. Ra4 Kd7 27. Ra7
g5 28. Rxb7+ Ke6 29. Be3 f4 30. Bc5 Bf6 31. Rxh7 Bd1 32. Rc7 Kf5 33. Rxc6 Re1+
34. Kh2 Be5 35. Bd4 f3+ 36. Bxe5 Kxe5 37. Rc5+ Kf4 38. Rc4+ Ke5 39. Nd2 fxg2 40.
Kxg2 Kd5 41. Rc3 Bh5 42. Nf3 Re8 43. Nxg5 Rg8 44. h4 1-0

[Event "OGOLNOPOLSKA OLIMPIADA MLODZIEZY<br/>MISTRZOSTWA POLSKI JUNIOROW 2016 - C12"]
[Site "Olecko"]
[Date "2016-05-07"]
[Round "1.14"]
[White "Trybus, Daniel"]
[Black "Bukala, Norbert"]
[Result "0-1"]
[WhiteTitle "II+"]
[BlackTitle "II"]
[WhiteElo "1711"]
[BlackElo "1415"]

1. d4 d5 2. c4 e5 3. dxe5 d4 4. Nf3 Nc6 5. g3 Be6 6. Bg2 Bxc4 7. O-O Qd7 8. Bf4
O-O-O 9. Nbd2 Be6 10. Ne4 Bh3 11. e6 Bxe6 12. Rc1 f6 13. Qa4 Kb8 14. Rfd1 Ne5
15. Qxd7 Nxf3+ 16. Bxf3 Rxd7 17. Nc5 Bxc5 18. Rxc5 g5 19. Bd2 Ne7 20. Bb4 Rhd8
21. Rdc1 c6 22. Ra5 b6 23. Ra6 Kb7 24. Bxe7 Rxe7 25. Ra3 Bd5 26. b4 Rd6 27. Kf1
f5 28. Rd1 g4 29. Bxd5 Rxd5 30. Rad3 Red7 31. Kg2 c5 32. bxc5 bxc5 33. Rb1+ Kc6
34. Ra3 Rb7 35. Ra6+ Rb6 36. Rbxb6+ axb6 37. Ra8 c4 38. a4 Rd7 39. Rc8+ Kd5 40.
Rf8 c3 41. Rxf5+ Kc4 42. Rf6 Rc7 43. e4 c2 44. e5 c1=Q 45. e6 Qg5 46. Rf7 Rxf7
47. exf7 Qd5+ 48. Kf1 Qxf7 0-1

[Event "OGOLNOPOLSKA OLIMPIADA MLODZIEZY<br/>MISTRZOSTWA POLSKI JUNIOROW 2016 - C12"]
[Site "Olecko"]
[Date "2016-05-07"]
[Round "1.15"]
[White "Bien, Hubert"]
[Black "Turski, Bartlomiej"]
[Result "0-1"]
[WhiteTitle "II"]
[BlackTitle "I"]
[WhiteElo "1402"]
[BlackElo "1704"]

1. d4 Nf6 2. c4 g6 3. Nc3 Bg7 4. e4 d6 5. f3 O-O 6. Be3 a6 7. Nge2 Nbd7 8. Qd2
c5 9. d5 Ne5 10. Ng3 h5 11. Bd3 e6 12. O-O-O exd5 13. exd5 b5 14. b3 bxc4 15.
Bxc4 Nxc4 16. bxc4 Rb8 17. Qc2 Qa5 18. Kd2 Re8 19. Bf4 Nxd5 20. cxd5 Bxc3+ 21.
Qxc3 Qxa2+ 22. Qc2 Rb2 23. Rc1 Qxd5+ 24. Kc3 Qd4# 0-1

[Event "OGOLNOPOLSKA OLIMPIADA MLODZIEZY<br/>MISTRZOSTWA POLSKI JUNIOROW 2016 - C12"]
[Site "Olecko"]
[Date "2016-05-07"]
[Round "1.16"]
[White "Skurniak, Szymon"]
[Black "Popadowski, Wojciech"]
[Result "1-0"]
[WhiteTitle "I"]
[BlackTitle "II"]
[WhiteElo "1694"]
[BlackElo "1393"]

1. e4 c5 2. Nf3 d6 3. d4 cxd4 4. Nxd4 Nf6 5. Nc3 g6 6. Be3 Bg7 7. f3 O-O 8. Qd2
Nc6 9. g4 Nxd4 10. Bxd4 Be6 11. O-O-O Rc8 12. h4 a6 13. h5 Qa5 14. a3 b5 15. h6
Bh8 16. g5 Nd7 17. f4 b4 18. Bxh8 Kxh8 19. Qd4+ f6 20. Qxb4 Qxb4 21. axb4 Bc4
22. Nd5 Bxf1 23. Rhxf1 Rc4 24. Rfe1 fxg5 25. b3 Rcc8 26. fxg5 Rf2 27. c4 e6 28.
Ne7 Re8 29. Nc6 Ne5 30. Nxe5 dxe5 31. Rd7 Kg8 32. Ra7 Rg2 33. Rd1 Rf8 34. c5 Rg3
35. c6 Rc3+ 36. Kb2 Rxc6 37. Rdd7 Rf2+ 38. Ka3 Rc8 39. Rg7+ Kf8 40. Rxh7 Ke8 41.
Rhe7+ Kf8 42. h7 Rh2 43. Rf7+ Ke8 44. Rg7 1-0

[Event "OGOLNOPOLSKA OLIMPIADA MLODZIEZY<br/>MISTRZOSTWA POLSKI JUNIOROW 2016 - C12"]
[Site "Olecko"]
[Date "2016-05-07"]
[Round "1.17"]
[White "Chudzik, Jakub"]
[Black "Koziorowicz, Michal"]
[Result "0-1"]
[WhiteTitle "II+"]
[BlackTitle "I"]
[WhiteElo "1388"]
[BlackElo "1690"]

1. e4 c5 2. Nf3 Nc6 3. d4 cxd4 4. Nxd4 g6 5. Be3 Nf6 6. Nc3 Bg7 7. Be2 O-O 8. Qd2
d5 9. exd5 Nb4 10. O-O Nbxd5 11. Bf3 Nxe3 12. fxe3 Ng4 13. Rae1 Nxe3 14. Rxe3
Bxd4 15. Rd1 Bxe3+ 16. Qxe3 Qb6 17. Rd4 Bf5 18. Nd5 Qe6 19. Qd2 Rac8 20. c3 h5
21. Kf2 Qe5 22. h3 Kh7 23. Rh4 Be6 24. Ne3 Rfd8 25. Qc2 Kg7 26. Re4 Qc5 27. c4
Bf5 28. Qc3+ f6 29. b4 Qd6 30. Nxf5+ gxf5 31. Re2 e5 32. Bd5 f4 33. Qd3 Qxb4 34.
Qf5 Rxd5 35. Qxc8 Qc5+ 36. Qxc5 Rxc5 37. Rb2 b6 38. Rb4 Kg6 39. Kf3 Kf5 40. g4+
hxg4+ 41. hxg4+ Kg5 42. a3 f5 43. gxf5 Kxf5 44. a4 e4+ 45. Ke2 Ke5 46. Kd1 e3
47. Ke1 f3 48. Rb3 Kd4 49. Ra3 Rxc4 50. Ra1 Rc2 51. Kd1 Rh2 52. Ra3 Rd2+ 53. Ke1
Ke4 54. Rb3 f2+ 55. Kf1 Kf3 56. Rb1 e2# 0-1

[Event "OGOLNOPOLSKA OLIMPIADA MLODZIEZY<br/>MISTRZOSTWA POLSKI JUNIOROW 2016 - C12"]
[Site "Olecko"]
[Date "2016-05-07"]
[Round "1.18"]
[White "Norek, Bartosz"]
[Black "Retz, Adrian"]
[Result "1-0"]
[WhiteTitle "II+"]
[BlackTitle "II"]
[WhiteElo "1687"]
[BlackElo "1387"]

1. e4 c5 2. Nf3 a6 3. c4 e6 4. Nc3 d6 5. d4 cxd4 6. Nxd4 Nf6 7. Be2 Be7 8. Be3
Nc6 9. h3 Qc7 10. Qd2 Bd7 11. f4 Nxd4 12. Bxd4 e5 13. Be3 Bc6 14. Bd3 O-O-O 15.
O-O Nh5 16. Nd5 Bxd5 17. cxd5 Kb8 18. Rac1 Qd7 19. Qa5 exf4 20. Bf2 b5 21. Rc6
f3 22. Rb6+ 1-0

[Event "OGOLNOPOLSKA OLIMPIADA MLODZIEZY<br/>MISTRZOSTWA POLSKI JUNIOROW 2016 - C12"]
[Site "Olecko"]
[Date "2016-05-07"]
[Round "1.19"]
[White "Skawinski, Szymon"]
[Black "Gazik, Jakub"]
[Result "1/2-1/2"]
[WhiteTitle "II"]
[BlackTitle "II"]
[WhiteElo "1348"]
[BlackElo "1665"]

1. e4 d5 2. exd5 Qxd5 3. Nc3 Qd6 4. d4 Nf6 5. Nf3 a6 6. g3 b5 7. a3 Bb7 8. Bg2
e6 9. O-O Nbd7 10. Bf4 Qb6 11. a4 c5 12. axb5 axb5 13. dxc5 Bxc5 14. Qe2 Rxa1
15. Rxa1 O-O 16. h3 Nd5 17. Nxd5 Bxd5 18. c3 Nf6 19. b4 Bd6 20. Bxd6 Qxd6 21.
Qxb5 Ne4 22. c4 Nc3 23. Qa6 Qxa6 24. Rxa6 Bxc4 25. Rc6 Ne2+ 26. Kh2 Bd5 27. Rc5
g6 28. Ne5 Bxg2 29. Kxg2 Nd4 30. Rc4 Nb5 31. Nc6 Kg7 32. Ne5 Rb8 33. Rf4 Rb7 34.
Nd3 Nc3 35. Nc5 Rb5 36. Rc4 Nd5 37. Nd3 Kf8 38. Kf3 Ke7 39. Rc5 Rb6 40. Rc4 Rb5
41. Rc5 Rb6 42. Rc4 Rb5 43. Ke4 1/2-1/2

[Event "OGOLNOPOLSKA OLIMPIADA MLODZIEZY<br/>MISTRZOSTWA POLSKI JUNIOROW 2016 - C12"]
[Site "Olecko"]
[Date "2016-05-07"]
[Round "1.20"]
[White "Ochedzan, Tymon"]
[Black "Dolata, Marcin"]
[Result "1-0"]
[WhiteTitle "II+"]
[BlackTitle "II"]
[WhiteElo "1664"]
[BlackElo "1345"]

1. e4 e5 2. Nf3 Nc6 3. Bb5 a6 4. Ba4 Nf6 5. O-O Be7 6. Re1 b5 7. Bb3 O-O 8. c3
d5 9. d4 dxe4 10. Nxe5 Bb7 11. Nd2 Na5 12. Bc2 Qd5 13. Nxe4 Ne8 14. Nf3 f5 15.
Ng3 Bd6 16. Qd3 g6 17. b3 Kh8 18. Qf1 Nf6 19. Bg5 Ng8 20. Bd2 Nf6 21. Bd3 Qg8
22. Ng5 f4 23. N3e4 Nxe4 24. Bxe4 Bxe4 25. Rxe4 Qd5 26. c4 Qxg5 27. c5 Nb7 28.
cxd6 Nxd6 29. Re5 Rf5 30. Qe1 Qg4 31. Rxf5 Qxf5 32. Qe5+ Qxe5 33. dxe5 Ne4 34.
Bxf4 g5 35. Be3 h6 36. Rc1 Rd8 37. f3 Rd3 38. Re1 Nc3 39. e6 Nd5 40. Bc5 Nf6 41.
e7 Ne8 42. Re5 Kh7 43. Rf5 Rd1+ 44. Kf2 Rc1 45. b4 Rc2+ 46. Ke3 Rxa2 47. Rf7+
Kg6 48. Rf8 Ng7 49. Rg8 1-0

[Event "OGOLNOPOLSKA OLIMPIADA MLODZIEZY<br/>MISTRZOSTWA POLSKI JUNIOROW 2016 - C12"]
[Site "Olecko"]
[Date "2016-05-07"]
[Round "1.21"]
[White "Swiech, Lukasz"]
[Black "Luczak, Filip"]
[Result "0-1"]
[WhiteTitle "II"]
[BlackTitle "I"]
[WhiteElo "1295"]
[BlackElo "1662"]

1. e4 c5 2. Nf3 d6 3. d4 Nf6 4. Nc3 cxd4 5. Nxd4 a6 6. f3 e5 7. Nb3 Be6 8. Be3
Be7 9. Qd2 Qc7 10. g4 Nbd7 11. h4 b5 12. h5 h6 13. Bh3 b4 14. Nd5 Bxd5 15. exd5
Rc8 16. Rh2 Nb6 17. g5 Nfd7 18. Bxb6 Qxb6 19. Bxd7+ Kxd7 20. gxh6 Qg1+ 21. Ke2
Qxh2+ 22. Kd3 Qxd2+ 23. Nxd2 Rxh6 24. Nc4 Rc5 25. a3 Rxd5+ 26. Ke2 Rd4 0-1

[Event "OGOLNOPOLSKA OLIMPIADA MLODZIEZY<br/>MISTRZOSTWA POLSKI JUNIOROW 2016 - C12"]
[Site "Olecko"]
[Date "2016-05-07"]
[Round "1.22"]
[White "Babiarz, Arkadiusz"]
[Black "Skorupka, Arkadiusz"]
[Result "1-0"]
[WhiteTitle "I"]
[BlackTitle "III"]
[WhiteElo "1656"]
[BlackElo "1180"]

1. e4 e6 2. d4 d5 3. exd5 exd5 4. Bd3 Bd6 5. Nf3 Nc6 6. O-O Bg4 7. c3 Nge7 8. Be3
Qd7 9. b4 O-O-O 10. Nbd2 Rdg8 11. a4 g5 12. a5 h5 13. b5 Nb8 14. c4 h4 15. c5
Bf4 16. a6 b6 17. cxb6 cxb6 18. Rc1+ Kd8 19. Qc2 h3 20. Bxf4 gxf4 21. Ne5 Qe6
22. Qc7+ Ke8 23. Qxb8+ Nc8 24. Rc6 Qe7 25. Rxc8+ Bxc8 26. Qxc8+ Qd8 27. Qxd8+
Kxd8 28. Nxf7+ Ke7 29. Nxh8 Rxg2+ 30. Kh1 Kf6 31. Be2 Rg8 32. Bf3 Rxh8 33. Rc1
Kf5 34. Kg1 Rg8+ 35. Kf1 Kg5 36. Ke2 Re8+ 37. Kd3 Kf5 38. Rc7 Ke6 39. Rxa7 Kd6
40. Rb7 Ra8 41. Rxb6+ Kc7 42. Rc6+ Kb8 43. Bxd5 Ka7 44. Rc7+ Kb8 45. Bxa8 Kxa8
46. b6 Kb8 47. a7+ Ka8 48. Rc8+ Kb7 49. a8=Q+ Kxb6 50. Ke4 1-0

[Event "OGOLNOPOLSKA OLIMPIADA MLODZIEZY<br/>MISTRZOSTWA POLSKI JUNIOROW 2016 - C12"]
[Site "Olecko"]
[Date "2016-05-07"]
[Round "1.23"]
[White "Wojtasik, Szymon"]
[Black "Oleksy, Krzysztof"]
[Result "0-1"]
[WhiteTitle "II"]
[BlackTitle "I"]
[WhiteElo "1151"]
[BlackElo "1653"]

1. e4 c5 2. c4 Nc6 3. Nc3 g6 4. g3 Bg7 5. Bg2 d6 6. Nge2 Nf6 7. O-O O-O 8. d3 Bg4
9. f3 Bd7 10. Be3 Qc8 11. Re1 Bh3 12. Bh1 Bd7 13. a3 Rb8 14. Rb1 a5 15. Qd2 Ne5
16. b3 b5 17. cxb5 Bxb5 18. Nxb5 Rxb5 19. Nc3 Rb8 20. a4 Nc6 21. Rec1 Qa6 22.
Nb5 Nd7 23. Qf2 Nb4 24. Rd1 Rfc8 25. Bg2 Ne5 26. Bf1 Qc6 27. Na7 Qd7 28. Nxc8
Rxc8 29. Rd2 Nec6 30. Rdd1 Nd4 31. Bg2 Ndc2 32. Kh1 Nd4 33. Bf1 Rb8 34. Rdc1 Nbc6
35. Bxd4 Nxd4 36. Be2 Rb6 37. Bd1 Qb7 38. Qd2 Qa7 39. Qf2 h5 40. Bc2 Qd7 41. Qg2
Qe6 42. Qf2 Kh7 43. Bd1 Rb4 44. Qd2 Qf6 45. Kg2 h4 46. Rc4 hxg3 47. hxg3 Nc6 48.
Rcc1 Bh6 49. f4 g5 50. Qf2 gxf4 51. gxf4 Qxf4 52. Qxf4 Bxf4 53. Rc2 Kg7 54. Rf2
Be5 55. Bc2 Nd4 56. Kh3 Kf8 57. Kg4 Bf6 58. Kh3 Ke8 59. Kg4 d5 60. Kh3 dxe4 61.
dxe4 Kd7 62. Rd2 Ke6 63. Bd3 Ke5 64. Bc4 e6 65. Kg4 Rb8 66. Kh3 Rh8+ 67. Kg3 Rg8+
68. Kh3 Rh8+ 69. Kg3 Rg8+ 70. Kh3 Rh8+ 71. Kg3 Bh4+ 72. Kg4 f5+ 73. exf5 exf5+
74. Kh3 Bg5+ 75. Kg2 Bxd2 76. Kf2 Rh2+ 77. Kg1 Nf3+ 78. Kf1 Rh1+ 79. Ke2 Rxb1
80. Kxf3 f4 81. Bf7 Be3 82. Bc4 Rb2 83. Be2 Rxe2 84. Kxe2 Ke4 85. Ke1 f3 86. Kf1
f2 87. Ke2 Kd4 88. b4 cxb4 89. Kd1 f1=Q+ 90. Kc2 Qd3+ 91. Kb2 Qc3+ 92. Ka2 Bc1
93. Kb1 Qb2# 0-1

[Event "OGOLNOPOLSKA OLIMPIADA MLODZIEZY<br/>MISTRZOSTWA POLSKI JUNIOROW 2016 - C12"]
[Site "Olecko"]
[Date "2016-05-07"]
[Round "2.1"]
[White "Oglaza, Oskar"]
[Black "Skurniak, Szymon"]
[Result "1-0"]
[WhiteTitle "k"]
[BlackTitle "I"]
[WhiteElo "2132"]
[BlackElo "1694"]

1. e4 c5 2. Nf3 e6 3. d4 cxd4 4. Nxd4 a6 5. Nc3 Qc7 6. Qf3 Nf6 7. Bg5 Qe5 8. Be3
Bb4 9. O-O-O Bxc3 10. bxc3 Qxe4 11. Qg3 O-O 12. Bd3 Qg4 13. Bg5 Qxg3 14. hxg3
d5 15. Bxf6 gxf6 16. Rxh7 f5 17. Rdh1 Nc6 18. Nxc6 bxc6 19. g4 c5 20. gxf5 exf5
21. Rh8+ Kg7 22. R1h7+ Kg6 23. Rxf8 Kxh7 24. Rxc8 Rxc8 25. Bxf5+ Kg7 26. Bxc8
a5 27. Bb7 d4 28. cxd4 cxd4 29. Kd2 Kf6 30. Kd3 Ke5 31. g3 f5 32. f4+ Kd6 33.
Kxd4 Kd5+ 34. Ke4+ 1-0